000 01006nam a2200241 a 4500
001 BRCA_8973
003 FranzMayer
005 20230721102402.0
008 060717m17961802sp-#######---#000-0#spa-#
040 _cMFM
041 _aspa
044 _asp
084 _aLM4 (19-47)
_b.B75 [1796-1802]
100 1 _aBrisson, M.
_922284
245 1 0 _aDiccionario universal de física
_cescrito en francés por M. Brisson...; traducido al castellano, y aumentado con los nuevos descubrimientos posteriores a su publicación por los doctores D.C.C. y D.F.X.C.
260 _aMadrid
_bEn la Imprenta de Don Benito Cano
_c[1796-1802]
300 _a9v. (t.1-9)
_c21 x 15 cm
500 _aEstado físico: presenta encuadernación en piel
505 0 _aTomo 1.-- Tomo 2 B-C.-- Tomo III, C-D, 1797.- Tomo IV, E, 1798.- Tomo V, F-G, 1800.- Tomo VI, H-M, 1801.- Tomo VII, N-P, 1801.- Tomo VIII, P-S, 1802.- Tomo IX, T-Z, 1802.-
650 1 4 _aFísica
_vdiccionario
_ySiglo XVIII
_922285
902 _aCFM
942 _2lcc
_cB
999 _c8624
_d8624